| 000 | 00430nam a2200121 a 4500 | ||
|---|---|---|---|
| 008 | 120416s1961 ||||||||||||||||| || u | ||
| 050 | _aGA 151 Hil | ||
| 100 | _aHilton, T. E | ||
| 245 | 1 | 0 | _aPractical geography in Africa |
| 260 |
_aLondon _bLongmans _c1961 |
||
| 350 | _a0.00 | ||
| 995 |
_D0.00 _FCBU-MAIN LIBRARY (Kitwe) _H1 _I230.00 _UAVAILABLE _ZMain Library Open Access Collection |
||
| 999 |
_c54241 _d54241 |
||